000
00225nam a22000857a 4500
008
160908b xxu||||| |||| 00| 0 eng d
100
_9
335
_a
Singh L
245
_a
Awareness Science-VI
260
_a
New Delhi
_b
S.Chand publication
_c
2011
999
_c
2995
_d
2995